Micro controller based RF moving target chasing system / (Record no. 182469)

000 -LEADER
fixed length control field 00967 a2200193 4500
003 - CONTROL NUMBER IDENTIFIER
control field NUST
005 - DATE AND TIME OF LATEST TRANSACTION
control field 20251112175133.0
040 ## - CATALOGING SOURCE
Transcribing agency Nust
082 ## - DEWEY DECIMAL CLASSIFICATION NUMBER
Classification number 621.382,BIL
100 ## - MAIN ENTRY--PERSONAL NAME
Personal name Bilal, GC Yasir (TCC-13)
9 (RLIN) 131860
245 ## - TITLE STATEMENT
Title Micro controller based RF moving target chasing system /
Statement of responsibility, etc. GC Yasir Bilal , PC Aysha Daud , GC Adnan Shahid and GC Hamza Rauf
260 ## - PUBLICATION, DISTRIBUTION, ETC.
Place of publication, distribution, etc. Rawalpindi
Name of publisher, distributor, etc. MCS (NUST)
Date of publication, distribution, etc. 2005
300 ## - PHYSICAL DESCRIPTION
Extent 93 p.;
505 ## - FORMATTED CONTENTS NOTE
Formatted contents note Introduction (Page-8), Electronic Components and Their Properties (Page-14), AT89C51 8-Bit Microcontroller With 4K Bytes Flash (Page-21), Transmitter and Receiver (PAge-30), Multiplexing (Page-38), Analog to Digital Conversion (Page-42), Orientation of Motors Using Bridge Circuit (Page-47), MATLAB Implementation and Simulation (Page-49), Assembly Code for The Microcontroller (Page-63).
650 ## - SUBJECT ADDED ENTRY--TOPICAL TERM
Topical term or geographic name entry element UG Projects
9 (RLIN) 98716
651 ## - SUBJECT ADDED ENTRY--GEOGRAPHIC NAME
Geographic name TCC-13
9 (RLIN) 126050
700 ## - ADDED ENTRY--PERSONAL NAME
Personal name Supervised by Assr Prof. Fazal Ahmed
9 (RLIN) 131861
942 ## - ADDED ENTRY ELEMENTS (KOHA)
Source of classification or shelving scheme
Koha item type Project Report
Holdings
Withdrawn status Lost status Source of classification or shelving scheme Damaged status Not for loan Permanent Location Current Location Shelving location Date acquired Full call number Barcode Date last seen Price effective from Koha item type Public note
          Military College of Signals (MCS) Military College of Signals (MCS) Reference 12/12/2016 621.382,BIL MCSPTC-57 12/08/2016 12/12/2016 Project Report Almirah No. 94, Shelf No. 2
© 2023 Central Library, National University of Sciences and Technology. All Rights Reserved.